00663 a2200181 4500001000700000003000400007005001700011008004100028082001700069100002500086245004600111260002900157300001000186690015000196942001200346999001300358952011000371066521OSt20210930163407.0  a822.33bS15W1 aShakespeare, William1 aThe winter's talecby William Shakespeare aLondonbWordsworthc2005 a151p. aKings and rulers; Italy--Sicily; Fathers and daughters; Castaways; Married people; Winter's tale (Shakespeare, William); Adultery; Reconciliation 2ddccBK c566d566 00102ddc40708TXBaCURAJbCURAJd2012-03-07eENGg105.00o822.33 S15Wp807r2020-09-02w2020-09-02yBK